| 000 | 00467nam a2200157 i 4500 | ||
|---|---|---|---|
| 001 | 40170 | ||
| 003 | ES-MaACL | ||
| 005 | 20230906160144.0 | ||
| 007 | t| | ||
| 008 | 030305s1938 sp ||||1| spa d | ||
| 100 | 1 |
_aEstrada Parra, José. _948226 |
|
| 245 | 1 | 0 |
_aFuerte de Carchuna / _c[redactor literario José Estrada Parra]. |
| 260 |
_aMadrid : _bComisario y Propaganda del XXIII C. E., _c1938. |
||
| 300 |
_a77 p., 4 lám. ; _c21 cm. |
||
| 852 |
_aES-MaACL _jA-4653 |
||
| 999 |
_c40170 _d40170 |
||